Statistics for Nicknames of types of Shinkansen services

Click here to take the quiz!

General Stats

  • This quiz has been taken 115 times
  • The average score is 12 of 19

Answer Stats

LineTypeNickname% Correct
Tokaido - SanyoFastest (Tokyo - Shin-Osaka - Hakata)Nozomi
96%
Tokaido - SanyoSemi-Fast (Tokyo - Shin-Osaka - Hakata)Hikari
88%
Tokaido - SanyoLocal (Tokyo - Shin-Osaka, Shin-Osaka - Hakata)Kodama
84%
Sanyo -KyushuFast (Shin-Osaka - Kagoshima-Chuo)Sakura
78%
TohokuFastest (Tokyo - Shin-Aomori - Shin-Hakodate-Hokuto)Hayabusa
76%
AkitaTokyo - AkitaKomachi
75%
JoetsuTokyo - Niigata, Echigo-Yuzawa or Nagaoka - NiigataToki / Max Toki
73%
Sanyo -KyushuFastest (Shin-Osaka - Kagoshima-Chuo)Mizuho
73%
TohokuFast (Tokyo - Morioka, Morioka - Shin-Aomori, Shin-Aomori - Shin-Hakodate-Hokuto)Hayate
69%
TohokuLocal (Tokyo - Nasu-Shiobara or Koriyama)Nasuno
57%
TohokuSemi-Fast (Tokyo - Sendai or Morioka)Yamabiko
55%
HokurikuLocal (Tokyo - Nagano)Asama
55%
HokurikuFast (Tokyo or Nagano - Kanazawa)Hakutaka
53%
HokurikuFastest (Tokyo - Kanazawa)Kagayaki
49%
SanyoSemi-Fast (Shin-Osaka - Hakata)Hikari Rail Star
49%
KyushuLocal (Hakata - Kagoshima-Chuo)Tsubame
49%
JoetsuTokyo - Takasaki or Echigo-YuzawaTanigawa / Max Tanigawa
45%
YamagataTokyo - ShinjoTsubasa
37%
HokurikuShuttle (Toyama - Kanazawa)Tsurugi
31%

Score Distribution

Percentile by Number Answered

Percent of People with Each Score

Your Score History

You have not taken this quiz